00290nam a2200121Ia 45000030006000000080041000060400015000471000019000622450049000812600009001305460012001390050017001510STCL150530s9999 xx 000 0 und d aSTCLcSTCL aAmbedkar, B.R. aProblem of the rupee origin and its solution c1923 aEnglish20220125165500.0